000 00390nam a22001217a 4500
082 _a347.08097 SAW
245 _aThe doctrine of precedent in the court of appeal for east africa
260 _aDar es Salaam
_bTanzania Publishing House
_c1971
300 _avii;,96p.
_b21cm
500 _ainclude index
650 _ahe doctrine of precedent in the court of appeal for east africa
942 _cBK
999 _c18122
_d18122